000
00339nam a22001457a 4500
020
_a
81-204-0191-3
041
_a
ENG
100
_a
Banerjee.G.C
245
_a
Feeds and Principles of Animal Nutrition
250
_a
Revised
260
_a
New Delhi
_b
Oxford & IBH Publishing
_c
1998
300
_a
636
650
_a
Dariy
856
_u
Agricultural
999
_c
364
_d
364